书目信息 |
| 题名: |
海军曲艺作品选
|
|
| 作者: | ;解放军海军政治部文化部 编 | |
| 分册: | ||
| 出版信息: | 北京 人民文学出版社 1978 |
|
| 页数: | 347页 | |
| 开本: | 19cm | |
| 丛书名: | ||
| 单 册: | ||
| 中图分类: | I239.07 | |
| 科图分类: | ||
| 主题词: | 曲艺--中国--现代--选集 | |
| 电子资源: | ||
| ISBN: | ||
| 000 | 00652nam0 2200217 45 | |
| 001 | 0178002631 | |
| 005 | 20060802081548.06 | |
| 010 | @d¥0.71 | |
| 091 | @aCN@b10019.2582 | |
| 100 | @a19950719d1978 em y0chiy0121 ea | |
| 101 | 0 | @achi |
| 102 | @aCN@b110000 | |
| 105 | @ay z 000zy | |
| 200 | 10 | @a海军曲艺作品选@Ahai jun qu yi zuo pin xuan@f中国人民解放军海军政治部文化部编 |
| 210 | @a北京@c人民文学出版社@d1978 | |
| 215 | @a347页@d19cm | |
| 606 | @a曲艺@y中国@z现代@x选集 | |
| 690 | @aI239.07@v3 | |
| 711 | 02 | @a解放军海军政治部文化部@Ajie fang jun hai jun zheng zhi bu wen hua bu@4编 |
| 801 | 0 | @aCN@bTSSF@c20060802 |
| 905 | @a10447@dI239.07@e83 | |
| 海军曲艺作品选/中国人民解放军海军政治部文化部编.-北京:人民文学出版社,1978 |
| 347页;19cm |
| ISBN :¥0.71 |
| ● |
| 相关链接 |
|
|
|
|
正题名:海军曲艺作品选
索取号:I239.07/83
 
预约/预借
| 序号 | 登录号 | 条形码 | 馆藏地/架位号 | 状态 | 备注 |
| 1 | 0443425 | 204434255 | 密集书库/ [索取号:I239.07/83] | 在馆 | |
| 2 | 0443426 | 204434264 | 密集书库/ [索取号:I239.07/83] | 在馆 |